000 00475nam a22002057a 4500
003 bpm
005 20260320090257.0
008 260316b |||||||| |||| 001 p spa d
020 _a9789871224746
024 _aS. C. C. / M. C. y E. M.:
040 _aAR-CtUCP
041 _aspa
080 _aCDU
100 _aDoldán Mario
245 _aCuerpos habitados
260 _aResistencia
_bLa Paz
_c2009
650 _aLiteratura-Poesía
942 _cLIB
999 _c76582
_d76582